书目信息 |
| 题名: |
老旧城区绿色重构价值评定
|
|
| 作者: | 李勤 , 段品生 , 杜海军 著 | |
| 分册: | ||
| 出版信息: | 北京 冶金工业出版社 2020.08 |
|
| 页数: | 182页 | |
| 开本: | 26cm | |
| 丛书名: | ||
| 单 册: | ||
| 中图分类: | F299.23 | |
| 科图分类: | ||
| 主题词: | 旧城改造--jiu cheng gai zao--研究--中国 | |
| 电子资源: | ||
| ISBN: | 978-7-5024-8524-5 | |
| 000 | 01050nam0 2200265 450 | |
| 001 | 202021193932 | |
| 005 | 20211025120142.0 | |
| 010 | @a978-7-5024-8524-5@dCNY73.00 | |
| 100 | @a20211002d2020 em y0chiy50 ea | |
| 101 | 0 | @achi |
| 102 | @aCN@b110000 | |
| 105 | @aak a 000yy | |
| 106 | @ar | |
| 200 | 1 | @a老旧城区绿色重构价值评定@Alao jiu cheng qu lv se zhong gou jia zhi ping ding@f李勤, 段品生, 杜海军著 |
| 210 | @a北京@c冶金工业出版社@d2020.08 | |
| 215 | @a182页@c图@d26cm | |
| 320 | @a有书目 (第181-182页) | |
| 330 | @a本书系统阐述了老旧城区绿色重构价值评定的基本原理和方法, 在深入梳理老旧城区绿色重构价值评定基础、理论、指标及方法的基础上, 进行了绿色重构价值评定理论基础的研究, 并分别从老旧厂区、老旧住区、老旧街区、综合城区四个方面对绿色重构价值评定理论应用进行了研究。 | |
| 606 | 0 | @a旧城改造@Ajiu cheng gai zao@x研究@y中国 |
| 690 | @aF299.23@v5 | |
| 701 | 0 | @a李勤@Ali qin@4著 |
| 701 | 0 | @a段品生@Aduan pin sheng@4著 |
| 701 | 0 | @a杜海军@Adu hai jun@4著 |
| 801 | 0 | @aCN@c20210909 |
| 905 | @a河南城建学院图书馆@dF299.23@eL235 | |
| 老旧城区绿色重构价值评定/李勤, 段品生, 杜海军著.-北京:冶金工业出版社,2020.08 |
| 182页:图;26cm |
| ISBN 978-7-5024-8524-5:CNY73.00 |
| 本书系统阐述了老旧城区绿色重构价值评定的基本原理和方法, 在深入梳理老旧城区绿色重构价值评定基础、理论、指标及方法的基础上, 进行了绿色重构价值评定理论基础的研究, 并分别从老旧厂区、老旧住区、老旧街区、综合城区四个方面对绿色重构价值评定理论应用进行了研究。 |
| ● |
| 相关链接 |
|
|
|
正题名:老旧城区绿色重构价值评定
索取号:F299.23/L235
 
预约/预借
| 序号 | 登录号 | 条形码 | 馆藏地/架位号 | 状态 | 备注 |
| 1 | 1543154 | 215431548 | 社科库409/409社科库 110排1列3层/ [索取号:F299.23/L235] | 在馆 | |
| 2 | 1543155 | 215431557 | 社科库409/409社科库 110排1列3层/ [索取号:F299.23/L235] | 在馆 |